000 00278nam a2200133Ia 4500
100 _aSrivastava/ S.B
942 _cBK
654 _aMechanicial
245 _aMechanical engineering
260 _bAsia Pub.
_aBombay
_c1977
082 _a621
300 _a430
546 _aENGLISH
999 _c23193
_d23193